Score 0/20 Timer 03:00
0 Plays Today
Hint Answer % Correct
Russell CroweRobin
97.3%
Anthony HopkinsLambs
97%
Russell CroweMisérables
93.5%
Jennifer ConnellyEarth
92.2%
Russell CroweBeautiful
91.6%
Jennifer ConnellyJust
89.6%
Emma WatsonChamber
86.2%
Anthony HopkinsJoe
80.7%
Russell CroweYuma
76.7%
Russell CroweMan
76.4%
Hint Answer % Correct
Jennifer ConnellyBlood
72%
Emma WatsonPerks
64.7%
Jennifer ConnellyRequiem
64.6%
Emma WatsonEnd
64.6%
Anthony HopkinsBridge
63.3%
Emma WatsonTale
55.6%
Emma WatsonMarilyn
49.1%
Anthony HopkinsWorld
47.8%
Anthony HopkinsRemains
45.4%
Jennifer ConnellySand
44.9%

Today's Daily Dose

Missing Word
I Hardly Know Her!

Word Ladder
Sentence Ending

Quick Pick
Female Firsts

Get the Picture
Triathlon Sports

Remove Ads.
Support Sporcle.
Get the best of Sporcle when you Go Orange. This ad-free experience offers more features, more stats, and more fun while also helping to support Sporcle. Thank you for becoming a member.

You're not logged in!

Compare scores with friends on all Sporcle quizzes.
OR
Log In

Show Comments

Extras

Top Quizzes Today


Score Distribution

Your Account Isn't Verified!

In order to create a playlist on Sporcle, you need to verify the email address you used during registration. Go to your Sporcle Settings to finish the process.

Report this User

Report this user for behavior that violates our Community Guidelines.

Details: